डॉलर बहु / (Record no. 115102)

MARC details
000 -LEADER
fixed length control field 01064nam a22002777a 4500
003 - CONTROL NUMBER IDENTIFIER
control field dpl
005 - DATE AND TIME OF LATEST TRANSACTION
control field 20180927140848.0
008 - FIXED-LENGTH DATA ELEMENTS--GENERAL INFORMATION
fixed length control field 180927b ||||| |||| 00| 0 eng d
010 ## - LIBRARY OF CONGRESS CONTROL NUMBER
LC control number B-038588
020 ## - INTERNATIONAL STANDARD BOOK NUMBER
Terms of availability 200.00
International Standard Book Number 8173153507
035 ## - SYSTEM CONTROL NUMBER
System control number B-038588, B-038606
037 ## - SOURCE OF ACQUISITION
Source of stock number/acquisition Cen Lib/Ret
040 ## - CATALOGING SOURCE
Original cataloging agency DPL
Language of cataloging HN
Transcribing agency 0
082 ## - DEWEY DECIMAL CLASSIFICATION NUMBER
Classification number
Item number मूर्तीसु
100 ## - MAIN ENTRY--PERSONAL NAME
Personal name मूर्ती, सुधा
9 (RLIN) 59890
245 ## - TITLE STATEMENT
Title डॉलर बहु /
Statement of responsibility, etc सुधा मूर्ती
246 ## - VARYING FORM OF TITLE
Title proper/short title Dollar bahu /
Remainder of title by Sudha Moorti
260 ## - PUBLICATION, DISTRIBUTION, ETC. (IMPRINT)
Place of publication, distribution, etc नयी दिल्ली
Name of publisher, distributor, etc प्रभात प्रकाशन
Date of publication, distribution, etc 2001
270 ## - ADDRESS
Address ४/११ असफ अली रोड
City नयी दिल्ली
Postal code 110002
300 ## - PHYSICAL DESCRIPTION
Extent 177पृ.
Dimensions 20सेमी(सजिल्द )
650 ## - SUBJECT ADDED ENTRY--TOPICAL TERM
Topical term or geographic name as entry element हिंदी साहित्य
General subdivision
Geographic subdivision
9 (RLIN) 59891
650 ## - SUBJECT ADDED ENTRY--TOPICAL TERM
Topical term or geographic name as entry element हिंदी उपन्यास
9 (RLIN) 59892
650 ## - SUBJECT ADDED ENTRY--TOPICAL TERM
Topical term or geographic name as entry element Hindi literature
Form subdivision
9 (RLIN) 59893
650 ## - SUBJECT ADDED ENTRY--TOPICAL TERM
Topical term or geographic name as entry element Hindi fiction
9 (RLIN) 27248
942 ## - ADDED ENTRY ELEMENTS (KOHA)
Source of classification or shelving scheme Dewey Decimal Classification
Koha item type Hindi Books
Classification part
Call number suffix मूर्तीसु
Holdings
Withdrawn status Lost status Damaged status Not for loan Home library Current library Date acquired Source of acquisition Cost, normal purchase price Total Checkouts Full call number Barcode Date last seen Copy number Cost, replacement price Price effective from Koha item type Source of classification or shelving scheme Collection code
        Central Library Central Library 19/08/2015 Cen Lib/Ref 200.00   उ मूर्तीसु B-038588 19/08/2015 1 200.00 19/08/2015 Hindi Books    
        Sarojini Nagar Sarojini Nagar 16/10/2021       उ मूर्तीसु B-078353 16/10/2021   200.00 16/10/2021 Hindi Books Dewey Decimal Classification Fiction
        Shahdara Branch Shahdara Branch 27/09/2018 BPPD/PUB 200.00   उ मूर्तीसु B-038606 27/09/2018   200.00 27/09/2018 Hindi Books Dewey Decimal Classification Fiction

© Delhi Public Library
Hit Counter
free hit counter